000 00396nam a2200145Ia 4500
008 230312s9999||||xx |||||||||||||| ||und||
020 _a9780071549295
082 _a658.404
_bPHI-P
100 _aGraves,Michael
245 4 _aThe complete guide to servers and server+
260 _bMcgraw
_aUSA
_c2009
300 _a431
650 _aProject management Examinations
_vElectronic Book
942 _cBK
999 _c17632
_d17632